000 00566nam a22002057a 4500
003 OSt
005 20160707133729.0
008 160707b xxu||||| |||| 00| 0 eng d
020 _a9781847420343
040 _c040a
082 _aW 322
_bD554e 2009
100 _aDickinson, Helen
_910007
245 _aEvaluatin outcomes in health and social care /
_cHelen Dickinson
260 _aBristol
_bThe Policy press
_c2009
300 _axvii, 126p;
_bill :
_c10 cm.
504 _aIncludes index
650 _aHealth
_92172
650 _aSocial care
_913
942 _2z
_cO_SHELF
999 _c4653
_d4653